| Tag |
First Indicator |
Second Indicator |
Subfields |
| LEADER |
00000cam a22000001a 4500 |
| 001 |
in00003349430 |
| 006 |
m d f |
| 007 |
cr bn mmmapmmp |
| 008 |
110210s2004 dcu o f000 0 eng d |
| 005 |
20260429183018.9 |
| 035 |
|
|
|a cis2007800348
|
| 040 |
|
|
|a ProQuest
|c ProQuest
|d UtOrBLW
|
| 043 |
|
|
|a n-us---
|
| 074 |
|
|
|a 1089
|
| 086 |
0 |
|
|a Y 3.2:T 27/2-3/NO.16
|
| 099 |
|
|
|a CMP-2004-NCT-0076
|
| 110 |
2 |
|
|a National Commission on Terrorist Attacks upon the United States.
|
| 245 |
1 |
0 |
|a Outline of the 9/11 plot :
|b staff statement no.16.
|
| 246 |
3 |
0 |
|a Staff statement no.16
|
| 264 |
|
1 |
|a [Washington, D.C.] :
|b National Commission on Terrorist Attacks upon the United States,
|c [2004]
|
| 300 |
|
|
|a 1 online resource.
|
| 336 |
|
|
|a text
|b txt
|2 rdacontent
|
| 337 |
|
|
|a computer
|b c
|2 rdamedia
|
| 338 |
|
|
|a online resource
|b cr
|2 rdacarrier
|
| 500 |
|
|
|a Record is based on bibliographic data in ProQuest U.S. Congressional Research Digital Collection. Reuse except for individual research requires license from ProQuest, LLC.
|
| 500 |
|
|
|a Electronic resource.
|
| 650 |
|
0 |
|a September 11 Terrorist Attacks, 2001
|x Planning.
|
| 650 |
|
0 |
|a September 11 Terrorist Attacks, 2001.
|
| 650 |
|
0 |
|a Terrorism
|z United States.
|
| 655 |
|
7 |
|a Electronic books.
|2 local
|
| 710 |
2 |
|
|a ProQuest (Firm)
|
| 776 |
0 |
8 |
|i Print version:
|a National Commission on Terrorist Attacks upon the United States.
|t Outline of the 9/11 plot
|w (DGPO)99155895
|
| 776 |
0 |
8 |
|i Microfiche version:
|a National Commission on Terrorist Attacks upon the United States.
|t Outline of the 9/11 plot
|d [Bethesda, Md.] : ProQuest,[2004]
|o CIS 2004 J892-178
|w (ProQuest)cis00402413
|
| 830 |
|
0 |
|a U.S. Congressional Research.
|
| 856 |
4 |
0 |
|u http://proxy.library.tamu.edu/login?url=https://congressional.proquest.com/congcomp/getdoc?CRDC-ID=CMP-2004-NCT-0076
|z Connect to the full text of this electronic book
|t 0
|
| 998 |
|
|
|a cis00402413
|
| 999 |
|
|
|a MARS
|
| 999 |
f |
f |
|s adf1a869-fd53-386e-85c7-f83765ec1791
|i 15dad2c3-1c2e-39e4-a6c6-5f93cc508f8e
|t 0
|
| 952 |
f |
f |
|a Texas A&M University
|b College Station
|c Electronic Resources
|s www_evans
|d Available Online
|t 0
|e CMP-2004-NCT-0076
|h Other scheme
|
| 998 |
f |
f |
|a CMP-2004-NCT-0076
|t 0
|l Available Online
|